01097 a2200181 45000010006000000050017000060080041000230030015000640400040000790800053001192450037001722640035002093000019002445050602002630410008008651000022008737000020008953760420260407155643.0260407a1965 arg spa dAR-UNSa-BCEJYS aAR-UNSa-BCEJYSbspacAR-UNSa-BCEJYS a517.1xIntroducción al análisis. (Cálculo)10aCálculo diferencial e integral 1aMéxico :bLimusa-Wileyc1965 a867 p.c23 cm. a1. Relaciones y funciones - 2. Límites y continuidad - 3. Derivadas - 4. Algunas aplicaciones de las derivadas - 5. Integrales definidas - 6. Funciones trascendentes - 7. Integración indefinida - 8. Aplicaciones adicionales de la derivación e integración - 9. Geometría analítica del espacio - 10. Funciones en diferentes variables independientes. Derivación parcial - 11. Integrales múltiples - 12. Aplicaciones de la integración a problemas de la física - 13. Reglas de L`Hopital. Asíntotas. Integrales generalizadas - 14. Sucesiones infinitas y series - 15. Aproximaciones aspa1 aTaylor, Howard E.1 aWade, Thomas L.